000
00286nam a2200109Ia 4500
008
190912s9999||||xx |||||||||||||| ||und||
100
_a
Scambray, Kurtz
245
0
_a
Hacking Exposed Network Security Secrets And Solutions
260
_a
India
_b
Addison
_c
2001
300
_a
742
942
_c
BK
999
_c
7894
_d
7894